| 000 | 01096nam a2200241 i 4500 | ||
|---|---|---|---|
| 001 | 168040 | ||
| 003 | ES-MaACL | ||
| 005 | 20230906213650.0 | ||
| 008 | 950419s1881 sp |||| | spa d | ||
| 040 |
_aEUS _bspa _cEUS |
||
| 100 | 1 |
_aXiménez de Sandoval, Crispín. _9133981 |
|
| 245 | 1 | 0 |
_aGuerras de Africa en la antigüedad _b: lecciones históricas y de doctrina militar ... / _cpor el Teniente General C. Ximénez de Sandoval ; y publicadas á expensas del Ministerio de la Guerra à instancia del Teniente General Marqués de San Román. |
| 260 |
_aMadrid : _b[s.n.], _c1881 ( _fImprenta del Cuerpo Administrativo del Ejército) |
||
| 300 |
_a420 p. ; _c23 cm. |
||
| 530 | _aDisponible en formato digital. | ||
| 590 | 0 | _aDatos tomados de la cub. | |
| 597 | _aCub. a dos tintas. | ||
| 651 | 4 |
_aMagreb- _xHistoria- _yHasta 647. _9158883 |
|
| 651 | 4 |
_aMagreb- _xHistoria- _y647-1517. _9155943 |
|
| 651 | 4 |
_aMagreb- _xHistoria militar. _9159938 |
|
| 852 |
_aES-MaACL _jF-815 _z-- Enc. hol. |
||
| 856 |
_uhttp://bdh-rd.bne.es/viewer.vm?id=0000108696&page=1 _zBiblioteca Digital Hispánica |
||
| 999 |
_c168040 _d168040 |
||